000
00315nam a22001457a 4500
020
_a
978-0071006972
041
_a
ENG
100
_a
Doebelin.E.O
245
_a
Measurement Systems
250
_a
Sixth Ed
260
_a
New Delhi
_b
Tata McGraw Hill
_c
2012
300
_a
760
650
_a
FMP
856
_u
FMP ( 16 )
999
_c
1376
_d
1376